Social studies activities: (Record no. 16801)
[ view plain ]
| 000 -LEADER | |
|---|---|
| fixed length control field | 00578nam a22001937a 4500 |
| 003 - CONTROL NUMBER IDENTIFIER | |
| control field | OSt |
| 005 - DATE AND TIME OF LATEST TRANSACTION | |
| control field | 20180411101505.0 |
| 008 - FIXED-LENGTH DATA ELEMENTS--GENERAL INFORMATION | |
| fixed length control field | 180411b xxu||||| |||| 00| 0 eng d |
| 020 ## - INTERNATIONAL STANDARD BOOK NUMBER | |
| International Standard Book Number | 9789966364366 |
| 040 ## - CATALOGING SOURCE | |
| Transcribing agency | KABU |
| 050 ## - LIBRARY OF CONGRESS CALL NUMBER | |
| Classification number | LB 1139.5 |
| Item number | .M83 2009 C.1 |
| 100 ## - MAIN ENTRY--PERSONAL NAME | |
| Personal name | Mwangi, W. Willy |
| 245 ## - TITLE STATEMENT | |
| Title | Social studies activities: |
| Statement of responsibility, etc. | Willy W. Mwangi and Rowena M. Shigali |
| 260 ## - PUBLICATION, DISTRIBUTION, ETC. (IMPRINT) | |
| Place of publication, distribution, etc. | Nairobi: |
| Name of publisher, distributor, etc. | Longhorn; |
| Date of publication, distribution, etc. | 2009. |
| 300 ## - PHYSICAL DESCRIPTION | |
| Extent | v, 94p. |
| 650 ## - SUBJECT ADDED ENTRY--TOPICAL TERM | |
| Topical term or geographic name as entry element | Social sciences |
| Form subdivision | Study and teaching (early childhood) |
| -- | Activity programs |
| 700 ## - ADDED ENTRY--PERSONAL NAME | |
| Personal name | Shigali, M. Rowena |
| 942 ## - ADDED ENTRY ELEMENTS (KOHA) | |
| Source of classification or shelving scheme | Library of Congress Classification |
| Koha item type | General Collection |
| Withdrawn status | Lost status | Source of classification or shelving scheme | Not for loan | Home library | Current library | Date acquired | Cost, normal purchase price | Inventory number | Total Checkouts | Full call number | Barcode | Date last seen | Copy number | Price effective from | Koha item type | Date last checked out |
|---|---|---|---|---|---|---|---|---|---|---|---|---|---|---|---|---|
| Library of Congress Classification | Kabarak, Main Campus | Kabarak, Main Campus | 11/04/2018 | 260.00 | 2018/0673 | LB 1139.5 .M83 2009 C.1 | 024437 | 11/04/2018 | C. 1 | 11/04/2018 | General Collection | |||||
| Library of Congress Classification | Kabarak, Main Campus | Kabarak, Main Campus | 10/08/2018 | 232.00 | 2018/0673 | LB 1139.5 .M83 2009 C. 2 | 022069 | 10/08/2018 | C. 2 | 10/08/2018 | General Collection | |||||
| Library of Congress Classification | Kabarak, Main Campus | Kabarak, Main Campus | 10/08/2018 | 232.00 | 2018/0673 | LB 1139.5 .M83 2009 C. 3 | 022070 | 10/08/2018 | C. 3 | 10/08/2018 | General Collection | |||||
| Library of Congress Classification | Kabarak, Main Campus | Kabarak, Main Campus | 10/08/2018 | 232.00 | 2018/0673 | 1 | LB 1139.5 .M83 2009 C. 4 | 022071 | 10/06/2019 | C. 4 | 10/08/2018 | General Collection | 27/05/2019 |